000 00694nam a22002297a 4500
005 20170124110227.0
010 _aSR-000117
020 _c00.00
_a9783110253252
035 _aSR-000117
037 _bCen Lib/Ret
040 _aDPL
_bEN
082 _a025.84
_bNEW
245 _aNewspapers :
_cedited by Hartmut Walravens
_blegal deposit and research in the digital era /
260 _aBerlin
_bIFLA publications
_c2011
270 _bBerlin
300 _aviii,341p.:
_c23cm(Hb)
_bill.
500 _aIncludes index
650 _aNewspapers
_934945
650 _aInformation technology
_940944
700 _aWalravens, Hartmut
_940926
942 _2ddc
_cEN
_h025.84
_mNEW
999 _c134510
_d134510